000 00400nam a2200133 a 4500
001 000029858
005 20200930055848.0
008 110426s1978 dr 000 0 spa d
040 _aDO-SdBNP
_bspa
_cBNPHU
245 1 0 _aPrograma de adiestramiento en gerencia y administración.
260 _aSanto Domingo :
_bFundación Dominicana de Desarrollo,
_c1978.
300 _a27 p. ;
_c22 cm.
049 _aBNPD
999 _c29350
_d29350